书目信息 |
| 题名: |
阅读的进化
|
|
| 作者: | 袁曦临 著 | |
| 分册: | ||
| 出版信息: | 南京 东南大学出版社 2020 |
|
| 页数: | 221页 | |
| 开本: | 24cm | |
| 丛书名: | 东南学术文库 | |
| 单 册: | ||
| 中图分类: | G255.75 | |
| 科图分类: | ||
| 主题词: | 电子图书--dian zi tu shu--阅读--研究 | |
| 电子资源: | ||
| ISBN: | 978-7-5641-9016-3 | |
| 000 | 01310oam2 2200277 450 | |
| 001 | 2133111507 | |
| 005 | 20211025190356.0 | |
| 010 | @a978-7-5641-9016-3@b精装@dCNY75.00 | |
| 100 | @a20201015d2020 em y0chiy0120 ea | |
| 101 | 0 | @achi@ceng |
| 102 | @aCN@b320000 | |
| 105 | @aa z 000yy | |
| 106 | @ar | |
| 200 | 1 | @a阅读的进化@Ayue du de jin hua@e从深阅读到浅阅读@dEvolution of reading@efrom deep reading to shallow reading@f袁曦临著@zeng |
| 210 | @a南京@c东南大学出版社@d2020 | |
| 215 | @a221页@c图@d24cm | |
| 225 | 2 | @a东南学术文库@Adong nan xue shu wen ku |
| 330 | @a本书围绕网络数字阅读环境中的读者、阅读文本、阅读行为和阅读服务四个主要节点,探究了数字阅读的规律性特征,具体包括网络数字出版形态、数字文本结构、数字阅读内在机制和数字阅读行为。研究表明网络数字阅读行为具有屏幕化、碎片化、浅表化以及互文性等特点,这些特征促使读者的阅读习惯和认知过程发生了改变,由此对教育学,图书馆学,心理学以及出版领域产生了影响。 | |
| 461 | 0 | @12001 @a东南学术文库 |
| 510 | 1 | @aEvolution of reading@efrom deep reading to shallow reading@zeng |
| 517 | 1 | @a从深阅读到浅阅读@Acong shen yue du dao qian yue du |
| 606 | 0 | @a电子图书@Adian zi tu shu@x阅读@x研究 |
| 690 | @aG255.75@v5 | |
| 701 | 0 | @a袁曦临@Ayuan xi lin@c(图书馆工作)@4著 |
| 801 | 0 | @aCN@b百万庄@c20211025 |
| 905 | @b1312288-291@dG255.75@e48@f4 | |
| 阅读的进化:从深阅读到浅阅读=Evolution of reading:from deep reading to shallow reading/袁曦临著.-南京:东南大学出版社,2020 |
| 221页:图;24cm.-(东南学术文库) |
| ISBN 978-7-5641-9016-3(精装):CNY75.00 |
| 本书围绕网络数字阅读环境中的读者、阅读文本、阅读行为和阅读服务四个主要节点,探究了数字阅读的规律性特征,具体包括网络数字出版形态、数字文本结构、数字阅读内在机制和数字阅读行为。研究表明网络数字阅读行为具有屏幕化、碎片化、浅表化以及互文性等特点,这些特征促使读者的阅读习惯和认知过程发生了改变,由此对教育学,图书馆学,心理学以及出版领域产生了影响。 |
| ● |
| 相关链接 |
|
|
|
|
正题名:阅读的进化
索取号:G255.75/48
 
预约/预借
| 序号 | 登录号 | 条形码 | 馆藏地/架位号 | 状态 | 备注 |
| 1 | 1312288 | 213122887 | 第一样本阅览室/ [索取号:G255.75/48] | 在馆 | |
| 2 | 1312289 | 213122896 | 第四借阅区/ [索取号:G255.75/48] | 在馆 | |
| 3 | 1312290 | 213122903 | 第四借阅区/ [索取号:G255.75/48] | 在馆 | |
| 4 | 1312291 | 213122912 | 第四借阅区/ [索取号:G255.75/48] | 在馆 |